devine le joueur de foot - Statistiques

Statistiques générales
  • Ce quiz a été pris 256 fois
  • Le résultat moyen est 9 sur 20
Statistiques - réponses
indice difficulté joueur % Correct
Il a 8 ballons d'or facile Lionel messi
100%
a signer au Real Madrid il y a peu venant du psg facile kylian Mbappé
98%
il a marqué la "main de dieu" facile Diego Maradona
93%
Le roi facile Pelé
93%
son surnom est El pistolero moyen Luis Suarez
77%
le propriétaire de l'inter Miami facile David Beckham
75%
il a joué dans deux clubs rivaux espagnols moyen Luis Figo
68%
le seul joueur africain à avoir gagné le Ballon d'Or moyen George Weah
67%
Il a dû porter des lunettes de protection durant toute sa carrière moyen Edgar Davids
49%
il a mis 69 buts en une année civile difficile Robert Lewandowski
33%
le meilleur buteur de l'histoire du SSC Napoli difficile Dries Mertens
30%
il a gagné le prix Puskas 2013 moyen Zlatan Ibrahimovic
28%
le maitre de la croqueta moyen Andrès Iniesta
26%
le ballon d'or 1956 impossible Stanley Matthews
17%
il a inscrit 30 coups francs dans sa carrière difficile Andrea Pirlo
15%
il a inscrit le but victorieux de la finale de la ligue des champions 1999 difficile Ole Gunnar Solskjær
14%
le meilleur passeur de la coupe du monde 2006 impossible Francesco Totti
5%
le vainqueur du golden boy 2008 impossible Anderson
4%
l'unique buteur de la finale de la coupe de france 2017 impossible Issa Cissokho
2%
il a eu les hémorroïdes en match impossible Leo Ponzio
1%
Aucun quiz correspondant
Distribution des résultats
% des personnes avec chaque résultat
Percentile par nombre de réponses
Votre historique - résultats
Vous n’avez pas pris ce quiz